Central Library OPAC University of Rajshahi

تذكرة اهل دلهي ;; tadhkirat ahl dilhi / (Record no. 82520)

MARC details
000 -LEADER
fixed length control field 00466nam a2200181 a 4500
001 - CONTROL NUMBER
control field 82520
003 - CONTROL NUMBER IDENTIFIER
rucl marc code BD-RjUL
005 - DATE AND TIME OF LATEST TRANSACTION
control field 20231223101839.0
008 - FIXED-LENGTH DATA ELEMENTS--GENERAL INFORMATION
fixed length control field 231223s1955 ii ||||| |||| 00| 0 urd d
035 ## - SYSTEM CONTROL NUMBER
System control number (BD-RjUL)82520
040 ## - CATALOGING SOURCE
Original cataloging agency BD-RjUL
Language of cataloging eng
Transcribing agency BD-RjUL
041 ## - LANGUAGE CODE
Language code of text/sound track or separate title urd
082 ## - DEWEY DECIMAL CLASSIFICATION NUMBER
Edition number 23
Classification number 297.61092
245 10 - TITLE STATEMENT
Title تذكرة اهل دلهي ;; tadhkirat ahl dilhi /
300 ## - PHYSICAL DESCRIPTION
Pagination 193 p. ;
Size 23 cm
650 ## - SUBJECT ADDED ENTRY--TOPICAL TERM
Topical term or geographic name as entry element Biograpphy
Form subdivision Islam
9 (RLIN) 10656
942 ## - ADDED ENTRY ELEMENTS (KOHA)
Source of classification or shelving scheme Dewey Decimal Classification
Koha item type Books
Holdings
Lost status Source of classification or shelving scheme Damaged status Not for loan Permanent Location Current Location Shelving location Date acquired Source of acquisition Total Checkouts Full call number Date last seen Copy number Koha item type
  Dewey Decimal Classification     Central Library, University of Rajshahi Central Library, University of Rajshahi Reading Room 12/08/1957 Anjuman i Taraqqi ,urdu pakistan   U 297.61092 TAJ 1955 23/12/2023 C-1 Books